Départements de la Quatrième République Française sur une Carte - Statistiques

Statistiques générales
  • Ce quiz a été pris 336 fois
    111 depuis la dernière actualisation
  • Le résultat moyen est 66 sur 109
Réponses sur la Carte
Les réponses sont colorées sur une échelle allant du rouge au vert en fonction du pourcentage des utilisateurs qui les ont devinées à leur premier essai. Vous pouvez retrouver ces pourcentages ci-dessous.
 
Statistiques - réponses
Départements % Correct
9A Alger
91%
971 Guadeloupe
90%
972 Martinique
90%
20 Corse
89%
973 Guyane
89%
974 La Réunion
89%
59 Nord
79%
42 Loire
78%
69 Rhône
77%
75 Seine
77%
01 Ain
76%
73 Savoie
76%
67 Bas-Rhin
75%
29 Finistère
75%
74 Haute-Savoie
74%
68 Haut-Rhin
74%
62 Pas-de-Calais
73%
66 Pyrénées-Orientales
73%
13 Bouches-du-Rhône
72%
14 Calvados
72%
31 Haute-Garonne
72%
50 Manche
72%
57 Moselle
72%
83 Var
72%
02 Aisne
70%
07 Ardèche
70%
16 Charente
70%
18 Cher
70%
33 Gironde
70%
05 Hautes-Alpes
70%
34 Hérault
70%
35 Ille-et-Vilaine
70%
40 Landes
70%
44 Loire-Atlantique
70%
45 Loiret
70%
03 Allier
69%
26 Drôme
69%
30 Gard
69%
38 Isère
69%
85 Vendée
69%
06 Alpes-Maritimes
68%
17 Charente-Maritime
68%
46 Lot
68%
51 Marne
68%
56 Morbihan
68%
9G Oran
68%
72 Sarthe
68%
11 Aude
67%
15 Cantal
67%
79 Deux-Sèvres
67%
36 Indre
67%
60 Oise
67%
80 Somme
67%
84 Vaucluse
67%
08 Ardennes
66%
12 Aveyron
66%
25 Doubs
66%
27 Eure
66%
32 Gers
66%
39 Jura
66%
47 Lot-et-Garonne
66%
48 Lozère
66%
54 Meurthe-et-Moselle
66%
63 Puy-de-Dôme
66%
77 Seine-et-Marne
66%
76 Seine-Maritime
66%
81 Tarn
66%
19 Corrèze
65%
24 Dordogne
65%
41 Loir-et-Cher
65%
53 Mayenne
65%
55 Meuse
65%
61 Orne
65%
10 Aube
64%
21 Côte-d'Or
64%
23 Creuse
64%
28 Eure-et-Loir
64%
87 Haute-Vienne
64%
71 Saône-et-Loire
64%
82 Tarn-et-Garonne
64%
86 Vienne
64%
89 Yonne
64%
09 Ariège
63%
52 Haute-Marne
63%
65 Hautes-Pyrénées
63%
37 Indre-et-Loire
63%
90 Territoire de Belfort
63%
88 Vosges
63%
43 Haute-Loire
61%
49 Maine-et-Loire
61%
58 Nièvre
61%
70 Haute-Saône
54%
9D Constantine
45%
78 Seine-et-Oise
39%
04 Basses-Alpes
38%
64 Basses-Pyrénées
34%
22 Côtes-du-Nord
30%
9M Tlemcen
17%
9C Bône
13%
8A Oasis
9%
9J Sétif
9%
9L Tizi Ouzou
9%
9F Mostaganem
8%
9H Orléansville
5%
9R Saïda
4%
9B Batna
3%
9E Médéa
3%
9K Tiaret
3%
8B Saoura
2%
Aucun quiz correspondant
Distribution des résultats
% des personnes avec chaque résultat
Percentile par nombre de réponses
Votre historique - résultats
Vous n’avez pas pris ce quiz depuis la dernière actualisation